|
|
|
|
| LEADER |
02168nam a2200457 i 4500 |
| 001 |
EBC7254930 |
| 003 |
MiAaPQ |
| 005 |
20230709155707.0 |
| 006 |
m o d | |
| 007 |
cr cnu|||||||| |
| 008 |
230709s2023 enka ob 001 0 eng d |
| 020 |
|
|
|z 9781032211268
|q (print)
|
| 020 |
|
|
|a 9781000936339
|q (electronic bk.)
|
| 035 |
|
|
|a (MiAaPQ)EBC7254930
|
| 035 |
|
|
|a (Au-PeEL)EBL7254930
|
| 035 |
|
|
|a (OCoLC)1381096825
|
| 040 |
|
|
|a MiAaPQ
|b eng
|e rda
|e pn
|c MiAaPQ
|d MiAaPQ
|
| 043 |
|
|
|a f-sa---
|a e-it---
|
| 050 |
|
4 |
|a DT1768.I74
|b .M373 2023
|
| 082 |
0 |
|
|a 968.00451
|2 23
|
| 100 |
1 |
|
|a Marchetti-Mercer, Maria Chiara,
|e author.
|
| 245 |
1 |
4 |
|a The Italian diaspora in South Africa :
|b nostalgia, identity, and belonging in the second and third generations /
|c Maria Chiara Marchetti-Mercer and Anita Virga.
|
| 264 |
|
1 |
|a Abingdon, England :
|b Routledge,
|c [2023]
|
| 264 |
|
4 |
|c Ã2023
|
| 300 |
|
|
|a 1 online resource (126 pages) :
|b illustrations.
|
| 336 |
|
|
|a text
|b txt
|2 rdacontent
|
| 337 |
|
|
|a computer
|b c
|2 rdamedia
|
| 338 |
|
|
|a online resource
|b cr
|2 rdacarrier
|
| 490 |
1 |
|
|a Routledge studies in development, mobilities, and migration
|
| 504 |
|
|
|a Includes bibliographical references and index.
|
| 588 |
|
|
|a Description based on print version record.
|
| 590 |
|
|
|a Electronic reproduction. Ann Arbor, MI : ProQuest, 2018. Available via World Wide Web. Access may be limited to ProQuest affiliated libraries.
|
| 650 |
|
0 |
|a Italian diaspora
|z South Africa.
|
| 650 |
|
0 |
|a Italians
|z South Africa
|x Ethnic identity.
|
| 650 |
|
0 |
|a Children of immigrants
|z South Africa.
|
| 650 |
|
0 |
|a Nostalgia.
|
| 655 |
|
4 |
|a Electronic books.
|
| 776 |
0 |
8 |
|i Print version:
|a Marchetti-Mercer, Maria Chiara.
|t Italian diaspora in South Africa : nostalgia, identity, and belonging in the second and third generations.
|d Abingdon, England : Routledge, c2023
|h 126 pages
|k Routledge studies in development, mobilities, and migration.
|z 9781032211268
|w (DLC) 2023014214
|
| 797 |
2 |
|
|a ProQuest (Firm)
|
| 830 |
|
0 |
|a Routledge studies in development, mobilities, and migration.
|
| 856 |
4 |
0 |
|u https://ebookcentral.proquest.com/lib/matrademy/detail.action?docID=7254930
|z Click to View
|